Statystyki dla Samoloty wojskowe

Kliknij tutaj aby rozwiązać quiz!

Ogólne statystyki

  • Ten quiz został rozwiązany 285 razy
  • Średni wynik to 13 z 25

Statystyki odpowiedzi

Odpowiedź% Poprawnych
F/A-18
99%
F-16
95%
F-35
87%
F-15
83%
F-22
82%
MIG-29
77%
F-14
75%
A-10
74%
B-2
71%
MIG-21
70%
SU-27
60%
C-130
52%
B-1
47%
C-17
43%
AH-64
40%
B-52
40%
C-5
35%
V-22
29%
CH-47
24%
UH-60
23%
KC-135
22%
AV-8
21%
E-3
17%
RC-135
10%
E-2C
6%

Rozkład punktacji

Percentyl według liczby udzielonych odpowiedzi

Procent ludzi z każdym wynikiem

Twoja historia wyników

Nie rozwiązałeś tego quizu